Coupe du monde 1930 - Statistiques

Statistiques générales
  • Ce quiz a été pris 58 fois
  • Le résultat moyen est 11 sur 13
Statistiques - réponses
Hint Réponse % Correct
Amérique du sud Argentine
100%
Amérique du Nord Etats-Unis
100%
Europe France
100%
Amérique du sud Brésil
98%
Amérique du Nord Mexique
98%
Pays organisateur Uruguay
98%
Amérique du sud Chili
94%
Amérique du sud Bolivie
92%
Amérique du sud Paraguay
87%
Amérique du sud Pérou
81%
Europe Belgique
77%
Europe Yougoslavie
74%
Europe Roumanie
45%
Aucun quiz correspondant
Distribution des résultats
% des personnes avec chaque résultat
Percentile par nombre de réponses
Votre historique - résultats
Vous n’avez pas pris ce quiz